| 000 | 00467nam a22001697a 4500 | ||
|---|---|---|---|
| 003 | OSt | ||
| 008 | 260622b |||||||| |||| 00| 0 eng d | ||
| 082 |
_a633.1194 _bS61S |
||
| 100 | _aSinha, B.K | ||
| 245 | _aStudies on Seedling Blight of Wheat caused by Helminthosporium Sativum Pammel, King & Bakke | ||
| 260 |
_aSabour, Bhagalpur _bBAU _c1962 |
||
| 300 | _a116 p. | ||
| 502 |
_bMsc. Ag. _d1962 |
||
| 650 | _aPlant Pathology | ||
| 650 | _aThesis | ||
| 942 |
_2ddc _cT |
||
| 999 |
_c52177 _d52177 |
||